000 00400nam a2200169Ia 4500
003 GCL
008 140319s9999 xx 000 0 ara d
040 _aGCL /
_cGCL
082 0 4 _a895.1
_bل ح
100 1 _aلوشيون
245 1 0 _aحكايات الماضى /
_cلوشيون
300 _a166 ص
490 _a
650 0 4 _aالادب
650 0 4 _aالادب الصينى
942 _2ddc
_cBK
999 _c40211
_d40211